Cusack Movie Quotes Quiz Stats

 Plays Quiz not verified by Sporcle

Score 0/13 Timer 02:30
0 Plays Today
% Correct
Being John Malkovich (1999)
89.6%
Con Air (1997)
84.7%
Grosse Pointe Blank (1997)
80.8%
Eight Men Out (1988)
79.8%
Runaway Jury (2003)
76.4%
The Bag Man (2014)
74.4%
1408 (2007)
69.9%
2012 (2009)
65.5%
Igor (2008)
64.2%
The Raven (2012)
60.1%
Hot Tub Time Machine (2010)
57.8%
Singularity (2017)
45.3%
Max (2002)
39.4%

You're not logged in!

Compare scores with friends on all Sporcle quizzes.
OR
Log In

Show Comments

Extras

Top Quizzes Today


Score Distribution

Your Account Isn't Verified!

In order to create a playlist on Sporcle, you need to verify the email address you used during registration. Go to your Sporcle Settings to finish the process.

Report this User

Report this user for behavior that violates our Community Guidelines.

Details: